|
|
|
|
| LEADER |
01504nam a2200409 a 4500 |
| 001 |
nkc20081792721 |
| 003 |
CZ PrNK |
| 005 |
20130206084950.0 |
| 007 |
ta |
| 008 |
080306s2007 xr ac e 000 0ccze |
| 015 |
|
|
|a cnb001792721
|
| 020 |
|
|
|a 978-80-7268-473-1
|q (váz.)
|z 80-7268-473-1
|
| 035 |
|
|
|a (OCoLC)236558039
|
| 040 |
|
|
|a ABA001
|b cze
|
| 043 |
|
|
|a e-xr---
|
| 072 |
|
7 |
|a 94(437)
|x Dějiny Česka a Slovenska
|2 Konspekt
|9 8
|
| 080 |
|
|
|a 929.731
|2 MRF
|
| 080 |
|
|
|a (437.3)
|2 MRF
|
| 080 |
|
|
|a (0:82-96)
|2 MRF
|
| 100 |
1 |
|
|a Bauer, Jan,
|d 1945-2025
|7 jk01011157
|4 aut
|
| 245 |
1 |
0 |
|a Podivné konce českých panovníků /
|c Jan Bauer
|
| 250 |
|
|
|a Vyd. 3.
|
| 260 |
|
|
|a Třebíč :
|b Akcent,
|c 2007
|
| 300 |
|
|
|a 189 s. :
|b il., portréty ;
|c 22 cm
|
| 500 |
|
|
|a Obálkový podnázev: Svatá Ludmila, Svatý Václav, Boleslav III., Jaromír a Oldřich, Přemysl Otakar II., Václav III., Jan Lucemburský, Václav IV., Ladislav Pohrobek, Ludvík Jagellonský
|
| 504 |
|
|
|a Obsahuje bibliografii
|
| 650 |
0 |
7 |
|a panovníci
|7 ph117250
|z Česko
|2 czenas
|
| 650 |
0 |
7 |
|a panovníci
|7 ph117250
|x úmrtí
|2 czenas
|
| 650 |
0 |
9 |
|a kings and rulers
|z Czechia
|z Bohemia
|2 eczenas
|
| 650 |
0 |
9 |
|a kings and rulers
|x death
|2 eczenas
|
| 655 |
|
7 |
|a literatura faktu
|7 fd132773
|2 czenas
|
| 655 |
|
9 |
|a non-fiction
|2 eczenas
|
| 910 |
2 |
|
|a BOA001
|b 2-1200.400
|
| 990 |
|
|
|a BK
|
| 995 |
|
|
|a 01
|
| 991 |
|
|
|b 200803
|c NOV
|
| 996 |
6 |
|
|b 2610335705
|c 2-1200.400
|l MZK
|r Sklad / do 1 hodiny
|n 0
|p p.v.
|w 000887186
|u 000010
|a 1
|e BOA001
|j MZK50
|s P
|